Most Popular Car Brands in Germany (2024 Sales) - Statistics

General Stats
  • This quiz has been taken 112 times
  • The average score is 10 of 15
Answer Stats
First Letter Rank Answer % Correct
V 1 Volkswagen
97%
B 3 BMW
92%
M 2 Mercedes
89%
T 10 Toyota
75%
A 5 Audi
74%
F 8 Ford
74%
H 9 Hyundai
71%
O 7 Opel
69%
F 15 Fiat
64%
S 6 SEAT
60%
K 12 Kia
58%
S 4 Skoda Auto
57%
P 13 Peugeot
56%
V 14 Volvo
53%
D 11 Dacia
47%
No matching quizzes found
Score Distribution
Percent of People with Each Score
Percentile by Number Answered
Your Score History
You have not taken this quiz